Jane Eyre / (Record no. 181800)

MARC details
000 -LEADER
fixed length control field 00703nam a22001937a 4500
005 - DATE AND TIME OF LATEST TRANSACTION
control field 20230213142458.0
010 ## - LCCN (DPL NO)
LC control number B-747636-641 E.N.A./7.11.22
020 ## - INTERNATIONAL STANDARD BOOK NUMBER
International Standard Book Number 9789357943253
Terms of availability 395.00
035 ## - SYSTEM CONTROL NUMBER
System control number B-747636-641
037 ## - SOURCE OF ACQUISITION
Source of stock number/acquisition V&S Publishers
082 ## - DEWEY DECIMAL CLASSIFICATION NUMBER
Classification number N
100 ## - MAIN ENTRY--PERSONAL NAME
Personal name Bronte, Charlotte
245 ## - TITLE STATEMENT
Title Jane Eyre /
Statement of responsibility, etc by Charlotte Bronte
260 ## - PUBLICATION, DISTRIBUTION, ETC. (IMPRINT)
Place of publication, distribution, etc New Delhi
Name of publisher, distributor, etc V&S Publishers
270 ## - ADDRESS
Address F-2/16, Ansari Road, Daryaganj
City New Delhi
Postal code 110002
300 ## - PHYSICAL DESCRIPTION
Extent 494p.
Dimensions 21cm(pbk)
942 ## - ADDED ENTRY ELEMENTS (KOHA)
Source of classification or shelving scheme Dewey Decimal Classification
Item type English Books
Call number suffix BRO
Classification part N
Holdings
Withdrawn status Lost status Not for loan Collection code Home library Current library Date acquired Source of acquisition Cost, normal purchase price Full call number Barcode Copy number Cost, replacement price Koha item type
      Fiction Ashok Vihar Ashok Vihar 13/02/2023 V&S Publishers/5663-D/30.11.22/221/23.11.22/13.12.22 395.00 N BRO B-747637 1 395.00 English Books
      Fiction Bawana Bawana 13/02/2023 V&S Publishers/5663-D/30.11.22/221/23.11.22/13.12.22 395.00 N BRO B-747640 1 395.00 English Books
      Fiction Central Library Central Library 13/02/2023 V&S Publishers/5663-D/30.11.22/221/23.11.22/13.12.22 395.00 N BRO B-747636 1 395.00 English Books
      Fiction Patel Nagar Patel Nagar 13/02/2023 V&S Publishers/5663-D/30.11.22/221/23.11.22/13.12.22 395.00 N BRO B-747638 1 395.00 English Books
      Fiction Sarojini Nagar Sarojini Nagar 13/02/2023 V&S Publishers/5663-D/30.11.22/221/23.11.22/13.12.22 395.00 N BRO B-747639 1 395.00 English Books
      Fiction Shahdara Branch Shahdara Branch 13/02/2023 V&S Publishers/5663-D/30.11.22/221/23.11.22/13.12.22 395.00 N BRO B-747641 1 395.00 English Books

© Delhi Public Library
Hit Counter
free hit counter